Алгоритм отслеживания и выделения движущихся объектов в видеопотоке; Информационные технологии в науке, управлении, социальной сфере и медицине

Библиографические подробности
Источник:Информационные технологии в науке, управлении, социальной сфере и медицине.— 2019.— [515-521]
Главный автор: Лошаков К. П.
Автор-организация: Национальный исследовательский Томский политехнический университет
Примечания:Заглавие с титульного экрана
This paper describes the solution detection moving people in a videostream. Instruments of OpenCV library were used. As the result this approach shown high accuracy of people detection and no high images processing time.
Язык:русский
Опубликовано: 2019
Серии:Фундаментальные исследования в области вычислительного интеллекта
Предметы:
Online-ссылка:http://earchive.tpu.ru/handle/11683/57425
Формат: Электронный ресурс Статья
Запись в KOHA:https://koha.lib.tpu.ru/cgi-bin/koha/opac-detail.pl?biblionumber=630746

MARC

LEADER 00000naa2a2200000 4500
001 630746
005 20231102024501.0
035 |a (RuTPU)RU\TPU\conf\32048 
035 |a RU\TPU\conf\32047 
090 |a 630746 
100 |a 20191224d2019 k y0rusy50 ca 
101 0 |a rus  |d eng 
102 |a RU 
105 |a y z 101zy 
135 |a drcn ---uucaa 
181 0 |a i  
182 0 |a b 
200 1 |a Алгоритм отслеживания и выделения движущихся объектов в видеопотоке  |d Algorithm of tracking and detection moving objects in video stream  |f К. П. Лошаков 
203 |a Текст  |c электронный 
225 1 |a Фундаментальные исследования в области вычислительного интеллекта 
230 |a 1 компьютерный файл (pdf; 724 Kb) 
300 |a Заглавие с титульного экрана 
320 |a [Библиогр.: с. 520-521 (21 назв.)] 
330 |a This paper describes the solution detection moving people in a videostream. Instruments of OpenCV library were used. As the result this approach shown high accuracy of people detection and no high images processing time. 
463 1 |0 (RuTPU)RU\TPU\conf\31887  |t Информационные технологии в науке, управлении, социальной сфере и медицине  |o сборник научных трудов VI Международной конференции, 14-19 октября 2019 г., Томск  |f Национальный исследовательский Томский политехнический университет (ТПУ) ; ред. кол. О. Г. Берестнева [и др.]  |v [515-521]  |d 2019 
510 1 |a Algorithm of tracking and detection moving objects in video stream  |z eng 
610 1 |a электронные ресурсы 
610 1 |a труды учёных ТПУ 
610 1 |a OpenCV 
610 1 |a python 
610 1 |a detection algorithm 
610 1 |a frames comparison 
610 1 |a real-time processing 
610 1 |a BackgroundSubstractionMOG2 
610 1 |a numpy 
610 1 |a Mask R-CNN 
610 1 |a алгоритмы 
610 1 |a обнаружение 
610 1 |a выделение 
610 1 |a движущие объекты 
610 1 |a видеопотоки 
700 1 |a Лошаков  |b К. П. 
712 0 2 |a Национальный исследовательский Томский политехнический университет  |c (2009- )  |2 stltpush  |3 (RuTPU)RU\TPU\col\15902  |9 26305 
801 2 |a RU  |b 63413507  |c 20200121  |g RCR 
856 4 |u http://earchive.tpu.ru/handle/11683/57425 
942 |c BK